[Event "LTU-chT"]
[Site "Lithuania"]
[Date "2023.04.23"]
[Round "7.2"]
[White "Bieliauskas, Marius"]
[Black "Zilakauskis, Steponas"]
[Result "0-1"]
[WhiteElo "2172"]
[BlackElo "1829"]
[PlyCount "98"]
[EventDate "2023.03.04"]
[EventType "team"]
[EventRounds "7"]
[EventCountry "LTU"]
[SourceTitle "EXT 2024"]
[Source "ChessBase"]
[SourceDate "2023.10.10"]
[SourceVersion "1"]
[SourceVersionDate "2023.10.10"]
[SourceQuality "1"]
[WhiteTeam "Kaunas Margiris"]
[BlackTeam "Vilnius Juoda Balta"]
[WhiteTeamCountry "LTU"]
[BlackTeamCountry "LTU"]

1. Nf3 Nf6 2. g3 b6 3. Bg2 Bb7 4. 0-0 g6 5. c4 Bg7 6. d4 0-0 7. d5 c5 8. Nc3 d6 9. e4 Nbd7 10. h3 a6 11. a4 Qc7 12. Qe2 e6 13. dxe6 fxe6 14. Rd1 Rad8 15. Bf4 e5 16. Bg5 h6 17. Bd2 Nb8 18. Nd5 Bxd5 19. cxd5 Qb7 20. b4 Nbd7 21. Rab1 Rc8 22. Nh2 c4 23. Rdc1 b5 24. axb5 axb5 25. Ng4 Nxg4 26. Qxg4 Kh7 27. Rc2 Qa7 28. Bc3 Nf6 29. Qe2 Ra8 30. h4 Qb6 31. Bh3 Ra3 32. Kg2 Rfa8 33. f3 Qd8 34. Rbb2 Nd7 35. Ra2 Nb6 36. Be1 R8a4 37. Be6 Qa8 38. Rxa3 Rxa3 39. Bf2 Na4 40. f4 exf4 41. gxf4 Nc3 42. Qe1 Qa4 43. Rc1 Qxb4 44. e5 Qb2 45. exd6 Ne2 46. d7 Bf6 47. Rb1 Qc2 48. Kh2 Qe4 49. Rxb5 Qxf4+ 0-1

[Event "LTU-chT"]
[Site "Lithuania"]
[Date "2023.04.22"]
[Round "5.4"]
[White "Reimanis, Ritvars"]
[Black "Bieliauskas, Marius"]
[Result "1/2-1/2"]
[WhiteElo "2360"]
[BlackElo "2172"]
[PlyCount "55"]
[EventDate "2023.03.04"]
[EventType "team"]
[EventRounds "7"]
[EventCountry "LTU"]
[SourceTitle "EXT 2024"]
[Source "ChessBase"]
[SourceDate "2023.10.10"]
[SourceVersion "1"]
[SourceVersionDate "2023.10.10"]
[SourceQuality "1"]
[WhiteTeam "Panevezio Gigant"]
[BlackTeam "Kaunas Margiris"]
[WhiteTeamCountry "LTU"]
[BlackTeamCountry "LTU"]

1. d4 Nf6 2. c4 e6 3. Nf3 a6 4. Nc3 d5 5. cxd5 exd5 6. Bg5 Be7 7. e3 c6 8. Bd3 Nbd7 9. Qc2 Nh5 10. Bxe7 Qxe7 11. 0-0-0 Nb6 12. Ne5 g6 13. g4 Ng7 14. h4 Be6 15. h5 0-0-0 16. hxg6 hxg6 17. Kb1 Nd7 18. Nxc6 bxc6 19. Bxa6+ Kc7 20. Nb5+ Kb6 21. Qb3 Nb8 22. Nd6+ Kc7 23. Qb7+ Kxd6 24. Qb4+ Kd7 25. Qb7+ Kd6 26. Qb4+ Kd7 27. Qb7+ Kd6 28. Qb4+ 1/2-1/2

[Event "LTU-chT"]
[Site "Lithuania"]
[Date "2019.03.30"]
[Round "3.3"]
[White "Bieliauskas, Marius"]
[Black "Jankunas, Tomas"]
[Result "1/2-1/2"]
[WhiteElo "2183"]
[BlackElo "2098"]
[PlyCount "163"]
[EventDate "2019.01.26"]
[EventType "team-swiss"]
[EventRounds "7"]
[EventCountry "LTU"]
[SourceTitle "CBM 189 Extra"]
[Source "ChessBase"]
[SourceDate "2019.06.03"]
[SourceVersion "1"]
[SourceVersionDate "2019.06.03"]
[SourceQuality "1"]
[WhiteTeam "Kaunas Margiris"]
[BlackTeam "Kaunas Gambiteriai"]
[WhiteTeamCountry "LTU"]
[BlackTeamCountry "LTU"]

1. d4 Nf6 2. c4 g6 3. g3 Bg7 4. Bg2 0-0 5. Nc3 d6 6. Nf3 Nbd7 7. 0-0 c6 8. e4 e5 9. h3 Qb6 10. Re1 exd4 11. Nxd4 Re8 12. Nb3 Ne5 13. Be3 Qd8 14. c5 dxc5 15. Nxc5 Nc4 16. Bc1 Nd7 17. Nxd7 Qxd7 18. Qc2 Qe7 19. Qe2 Be6 20. f4 Rad8 21. Kh2 Qb4 22. e5 f6 23. a3 Qb6 24. Ne4 fxe5 25. f5 gxf5 26. b3 Nd6 27. Ng5 Bd5 28. Be3 Qxb3 29. Rab1 Qc4 30. Qh5 h6 31. Bxd5+ cxd5 32. Rbc1 Qb5 33. Rc5 Qd7 34. Nf3 Ne4 35. Rc2 Qf7 36. Qxf7+ Kxf7 37. Bxa7 Rc8 38. Rb2 Re7 39. Nh4 Nd6 40. Rf1 Ke6 41. Rb6 Rc6 42. Rxc6 bxc6 43. Bc5 Rf7 44. Bxd6 Kxd6 45. Nxf5+ Kd7 46. g4 e4 47. h4 Be5+ 48. Kg2 Rf6 49. Rb1 Rg6 50. Kh3 d4 51. Rb7+ Ke6 52. Rb6 e3 53. Rxc6+ Kd7 54. Rc5 Re6 55. Rd5+ Kc6 56. Rxd4 Bxd4 57. Nxd4+ Kd6 58. Ne2 Ke5 59. Kg3 Ke4 60. g5 hxg5 61. hxg5 Ra6 62. Kg4 Ke5 63. g6 Rxg6+ 64. Kf3 Ra6 65. Kxe3 Rxa3+ 66. Kd2 Rf3 67. Nc3 Kd4 68. Ne2+ Kc4 69. Nc1 Rh3 70. Ne2 Rb3 71. Nc1 Rc3 72. Ne2 Rd3+ 73. Ke1 Re3 74. Kd2 Ra3 75. Nc1 Rh3 76. Ne2 Kb3 77. Nc1+ Kb2 78. Ne2 Rf3 79. Nd4 Rh3 80. Ne2 Rh2 81. Kd3 Rxe2 82. Kxe2 1/2-1/2

[Event "LTU-chT"]
[Site "Lithuania"]
[Date "2018.04.14"]
[Round "6.5"]
[White "Bieliauskas, Marius"]
[Black "Martinkus, Rolandas"]
[Result "1/2-1/2"]
[WhiteElo "2165"]
[BlackElo "2092"]
[PlyCount "85"]
[EventDate "2018.01.27"]
[EventType "team-swiss"]
[EventRounds "7"]
[EventCountry "LTU"]
[SourceTitle "EXT 2019"]
[Source "ChessBase"]
[SourceDate "2018.10.10"]
[SourceVersion "1"]
[SourceVersionDate "2018.10.10"]
[SourceQuality "1"]
[WhiteTeam "Kaunas Margiris"]
[BlackTeam "Marijampole Suduvos Jaunimas"]
[WhiteTeamCountry "LTU"]
[BlackTeamCountry "LTU"]

1. d4 Nf6 2. c4 e6 3. Nc3 Bb4 4. Qc2 d5 5. a3 Bxc3+ 6. Qxc3 dxc4 7. Qxc4 0-0 8. Nf3 b6 9. Bg5 Ba6 10. Qa4 h6 11. Bh4 Qd7 12. Qxd7 Nbxd7 13. Bxf6 gxf6 14. Rc1 Rac8 15. e3 Bxf1 16. Kxf1 c5 17. Ke2 b5 18. dxc5 Nxc5 19. Nd4 Na4 20. Nc6 Rc7 21. g3 Nb6 22. Nd4 Rb7 23. Rc5 Nd5 24. Kf3 b4 25. axb4 Nxb4 26. Rhc1 Rd8 27. Ke2 f5 28. Rc7 Rd7 29. Rxb7 Rxb7 30. Rc5 Kf8 31. Rc8+ Kg7 32. h3 Nd5 33. Kd2 Nf6 34. Kc2 Nd5 35. Kd3 Ne7 36. Rc5 Kf6 37. f4 Nd5 38. g4 fxg4 39. hxg4 Ke7 40. Ra5 Kd7 41. Ra3 Nf6 42. g5 hxg5 43. fxg5 1/2-1/2

[Event "LTU-chT"]
[Site "Lithuania"]
[Date "2018.03.25"]
[Round "5.5"]
[White "Brazdzionis, Andrius"]
[Black "Bieliauskas, Marius"]
[Result "1/2-1/2"]
[WhiteElo "2293"]
[BlackElo "2165"]
[PlyCount "74"]
[EventDate "2018.01.27"]
[EventType "team-swiss"]
[EventRounds "7"]
[EventCountry "LTU"]
[SourceTitle "EXT 2019"]
[Source "ChessBase"]
[SourceDate "2018.10.10"]
[SourceVersion "1"]
[SourceVersionDate "2018.10.10"]
[SourceQuality "1"]
[WhiteTeam "Vilnius MRU"]
[BlackTeam "Kaunas Margiris"]
[WhiteTeamCountry "LTU"]
[BlackTeamCountry "LTU"]

1. d4 Nf6 2. Nf3 g6 3. c4 Bg7 4. Nc3 d5 5. Qd3 dxc4 6. Qxc4 0-0 7. e4 a6 8. Be2 b5 9. Qb3 c5 10. dxc5 Be6 11. Qc2 Nbd7 12. c6 Nb6 13. 0-0 Rc8 14. Rd1 Qe8 15. Nd4 Bc4 16. e5 Bxe2 17. Qxe2 Nfd5 18. Nxd5 Nxd5 19. a4 Nb4 20. axb5 axb5 21. Nxb5 Nxc6 22. Bf4 Rd8 23. Nc3 Rxd1+ 24. Rxd1 Qb8 25. Rd5 e6 26. Rd6 Qb4 27. Bg3 Ne7 28. f4 Nf5 29. Rd2 h5 30. Qe4 Rb8 31. Bf2 Qa5 32. g3 Bf8 33. Qa4 Qc7 34. Ne4 Qc1+ 35. Kg2 Rxb2 36. Rxb2 Qxb2 37. Qd7 Be7 1/2-1/2

[Event "LTU-chT"]
[Site "Lithuania"]
[Date "2017.03.18"]
[Round "6.5"]
[White "Bagvilas, Lukas"]
[Black "Bieliauskas, Marius"]
[Result "1-0"]
[WhiteElo "1740"]
[BlackElo "2154"]
[PlyCount "101"]
[EventDate "2017.01.28"]
[EventType "team-swiss"]
[EventRounds "7"]
[EventCountry "LTU"]
[SourceTitle "EXT 2018"]
[Source "ChessBase"]
[SourceDate "2017.10.13"]
[SourceVersion "1"]
[SourceVersionDate "2017.10.13"]
[SourceQuality "1"]
[WhiteTeam "Siauliai Tomas"]
[BlackTeam "Rokiskis"]
[WhiteTeamCountry "LTU"]
[BlackTeamCountry "LTU"]

1. e4 c5 2. Nc3 a6 3. f4 b5 4. Nf3 Bb7 5. d3 e6 6. g3 b4 7. Ne2 d5 8. e5 Ne7 9. Bg2 Nf5 10. g4 Nh4 11. Nxh4 Qxh4+ 12. Ng3 Nc6 13. 0-0 Qd8 14. c3 a5 15. Nh5 Qc7 16. Be3 a4 17. Qd2 a3 18. Rac1 axb2 19. Qxb2 bxc3 20. Qxc3 Rxa2 21. Bxc5 d4 22. Bd6 Rxg2+ 23. Kxg2 Nd8+ 24. Kg3 Qxc3 25. Rxc3 dxc3 26. Bxf8 Kxf8 27. Rc1 g6 28. Nf6 Kg7 29. Rxc3 Nc6 30. Rb3 Ba8 31. Ra3 h5 32. gxh5 gxh5 33. Kh4 Ne7 34. Kg5 Rd8 35. Nxh5+ Kf8 36. h4 Bc6 37. Nf6 Bb5 38. d4 Nc6 39. h5 Nxd4 40. h6 Nf5 41. Nh5 Ne7 42. h7 Ng6 43. Kf6 Bd3 44. f5 Nh8 45. fxe6 fxe6 46. Nf4 Bf5 47. Rg3 Ke8 48. Nxe6 Bxh7 49. Nxd8 Kxd8 50. Rh3 Ng6 51. Rxh7 1-0

[Event "LTU-chT"]
[Site "Lithuania"]
[Date "2017.02.19"]
[Round "5.7"]
[White "Bieliauskas, Marius"]
[Black "Grybas, Gintaras"]
[Result "1-0"]
[WhiteElo "2154"]
[BlackElo "2028"]
[PlyCount "69"]
[EventDate "2017.01.28"]
[EventType "team-swiss"]
[EventRounds "7"]
[EventCountry "LTU"]
[SourceTitle "CBM 176 Extra"]
[Source "ChessBase"]
[SourceDate "2017.03.02"]
[SourceVersion "1"]
[SourceVersionDate "2017.03.02"]
[SourceQuality "1"]
[WhiteTeam "Rokiskis"]
[BlackTeam "LASF"]
[WhiteTeamCountry "LTU"]
[BlackTeamCountry "LTU"]

1. Nf3 d5 2. c4 c6 3. g3 Nf6 4. Bg2 Bf5 5. cxd5 Nxd5 6. d3 Bg6 7. 0-0 e6 8. Nbd2 Be7 9. Nc4 Nd7 10. Bd2 0-0 11. Rc1 N5b6 12. Na5 Qc8 13. b4 a6 14. a4 Nd5 15. Qb3 Bd8 16. h3 Bxa5 17. bxa5 f6 18. Rb1 Rb8 19. e4 Nc7 20. Be3 Bf7 21. Ba7 e5 22. Qb2 Ra8 23. Qxb7 Nb5 24. Qxc8 Rfxc8 25. axb5 Rxa7 26. b6 Rb7 27. Rfc1 Kf8 28. d4 Bg6 29. Re1 Ke7 30. Bf1 Ra8 31. dxe5 fxe5 32. Nd2 Nc5 33. Rbc1 Kd6 34. Nc4+ Ke6 35. Nxe5 1-0

[Event "LTU-chT"]
[Site "Lithuania"]
[Date "2017.01.28"]
[Round "1.10"]
[White "Bieliauskas, Marius"]
[Black "Beliajev, Leonid"]
[Result "1-0"]
[WhiteElo "2154"]
[BlackElo "1768"]
[PlyCount "39"]
[EventDate "2017.01.28"]
[EventType "team-swiss"]
[EventRounds "7"]
[EventCountry "LTU"]
[SourceTitle "CBM 176 Extra"]
[Source "ChessBase"]
[SourceDate "2017.03.02"]
[SourceVersion "1"]
[SourceVersionDate "2017.03.02"]
[SourceQuality "1"]
[WhiteTeam "Rokiskis"]
[BlackTeam "Klaipeda II"]
[WhiteTeamCountry "LTU"]
[BlackTeamCountry "LTU"]

1. d4 Nf6 2. c4 g6 3. Nc3 Bg7 4. e4 0-0 5. Be2 d6 6. Bg5 Nbd7 7. Qd2 Re8 8. f3 c5 9. d5 a6 10. a4 Qa5 11. Nh3 Ne5 12. 0-0 Qb4 13. b3 Bxh3 14. gxh3 h6 15. Be3 Nh5 16. Rfc1 g5 17. a5 Nf4 18. Bxf4 gxf4 19. Qxf4 Nxf3+ 20. Qxf3 1-0